000 00912nam0a22002891 4500
001 v19\rc\1991786
005 20251118181404.6
035 _a(NLR Aleph) 005087466
090 _a7261362
_c7261362
100 _a20080811d1915 |||y0rusy50 ca
101 0 _arus
102 _aRU
105 _aa z |||||
200 1 _aСпециальные лекарственные средства товарищества В.К. Феррейн в Москве
210 _aМосква
_d1915
215 _a40 с.
_cил.
_d22
702 1 _aФеррейн
_bВ. К.
_gВладимир Карлович
_4570
710 0 2 _a"Феррейн, В.К.", т-во
_cМосква
801 0 _aRU
_bNLR
_gpsbo
801 0 _aRU
_bRuMoRGB
_2psbo
801 1 _aRU
_bProSoft-M
_2rusmarc
852 _aNLR
_j59-6/10805
852 _aNLR
_j37.58.5.79
899 _aRuMoRGB
_jV 116/82
899 _aRuMoRGB
_jW 215/90
942 _cBOOK
980 _aNB